| 000 | 00666nam a2200193 i 4500 | ||
|---|---|---|---|
| 001 | 102027 | ||
| 003 | ES-MaACL | ||
| 005 | 20230906183030.0 | ||
| 007 | t| | ||
| 008 | 051031s1904 sp ||||1| spa d | ||
| 080 | _a821.124 Ovidio Nason, Publio 1.07 | ||
| 100 | 1 |
_aMendiri y Tabuenca, Gerardo. _980197 |
|
| 245 | 1 | 0 |
_aOvidio y sus obras _b: (estudio histórico crítico) : tesis doctoral / _cpor Gerardo Mendiri Tabuenca. |
| 260 |
_aZaragoza : _b[s.n.], _c1904 ( _fTip. de Emilio Casañal) |
||
| 300 |
_a46 p. ; _c25 cm. |
||
| 502 | _aTesis Doctoral. | ||
| 600 | 1 | 4 |
_aOvidio Nasón, Publio- _xCrítica e interpretación. _988014 |
| 852 |
_aES-MaACL _jT-1030-F-1 |
||
| 999 |
_c102027 _d102027 |
||